000 00601cam a2200217 4500500
005 20260222000717.0
041 _afre
042 _adc
100 1 0 _aMeyran, Régis
_eauthor
245 0 0 _aQuitter la ville
260 _c2017.
500 _a50
690 _acroissance
690 _adécroissance
690 _adémographie
690 _aespace rural
690 _amigration
690 _aville
786 0 _nSciences Humaines | 288 | 1 | 2017-01-01 | p. 36-36 | 0996-6994
856 4 1 _uhttps://shs.cairn.info/magazine-sciences-humaines-2017-1-page-36?lang=fr&redirect-ssocas=7080
999 _c1663157
_d1663157